000 00960nam a2200253Ia 4500
003 GCL
005 20240530095500.0
008 140319s9999 xx 000 0 ara d
020 _a525091977
040 _aGCL /
_cGCL
082 0 4 _a932
_bق/د أ
100 1 _aدونان، فرانسواز
245 1 0 _aالآلهة والناس فى مصر :
_bمن 300 قبل الميلاد الى 395ميلاديا /
_cدونان، فرانسواز
250 _aالاولى
260 _aالقاهرة :
_bدار الفكر للدراسات والنشر والتوزيع ،
_c1997
300 _a386ص ؛
_c24سم
650 0 4 _aمصر القديمة
650 0 4 _aالالوهية
650 0 4 _aالاساطير ، علم
650 0 4 _aمصر القديمة - تاريخ - العصر الرومانى
650 0 4 _aمصر القديمة - تاريخ - العصر اليونانى
650 0 4 _aالالوهية - مصر القديمة
942 _2ddc
_cBK
999 _c7707
_d7707